Handbook to the federation of Rhodesia and Nyasaland (Record no. 389792)

000 -LEADER
fixed length control field 00347cam a22001097a 4500
008 - FIXED-LENGTH DATA ELEMENTS--GENERAL INFORMATION
fixed length control field 180718b1960 xxu||||| |||| 00| 0 eng d
082 ## - DEWEY DECIMAL CLASSIFICATION NUMBER
Classification number A6x689 R346
245 ## - TITLE STATEMENT
Title Handbook to the federation of Rhodesia and Nyasaland
Statement of responsibility, etc. edited by W.V. Brelsford
260 ## - PUBLICATION, DISTRIBUTION, ETC.
Place of publication, distribution, etc. London
Name of publisher, distributor, etc. Federal Information Department
Date of publication, distribution, etc. 1960
300 ## - PHYSICAL DESCRIPTION
Extent 803p.
700 ## - ADDED ENTRY--PERSONAL NAME
Personal name Brelsford, W.V.
Holdings
Withdrawn status Lost status Damaged status Not for loan Permanent Location Current Location Date acquired Full call number Barcode Date last seen Price effective from Koha item type
        Indian Institute of Public Administration Indian Institute of Public Administration 1999-06-28 A6x689 R346 24807 2018-07-21 2018-07-21 Book

Powered by Koha